000 00424 a2200169 4500
001 164713
020 _a85-7056-969-6
040 _cMagnum
100 _aPaiva, Eduardo França
240 1 0 _aO ouro e as transformações na sociedade colonial
_lpor
245 1 0 _aO ouro e as transformações na sociedade colonial
300 _a39
362 0 _a2008
440 1 _aAtual
697 _aHISTÓRIA DO BRASIL
942 _cBK
999 _c164713
_d164713